• 首页
  • 本馆介绍
  • 公告通知
  • 最新文献
  • 馆藏检索
  • 电子资源
  • 读者导购
  • 参考咨询
  • 我的图书馆
  • 登录
  • 详细信息显示
  • 放入我的书架
  • 预约/预借图书
  • 作者相关作品
  • 分类相关作品
  • 丛书相关作品
  • 出版社相关作品

书目信息

  • 表格格式
  • 工作单格式
  • 卡片格式
题名:
美国总统及其选举
    
 
作者: 杨百揆 , 杨明 著
分册:  
出版信息: 北京   中国社会科学出版社  1985
页数: 165页
开本: 19cm
丛书名:
单 册:
中图分类: D771.22
科图分类:
主题词: 政治制度--美国 , 国家机构--美国
电子资源:
ISBN:
000 00697nam0 2200253 45
001 0185002016
005 20050627160323.3
010    @dCNY0.84
091    @a3190.053
100    @a19900823d1985 emky0chiy0121 ea
101 0  @achi
102    @aCN@b110000
105    @ay z 000yy
200 10 @a美国总统及其选举@Amei guo zong tong ji qi xuan ju@f杨百揆, 杨明著@FYang Bai Kui,Yang Ming Zhu
210    @a北京@c中国社会科学出版社@d1985
215    @a165页@d19cm
606    @a政治制度@y美国
606    @a国家机构@y美国
690    @aD771.22@v3
701  0 @a杨百揆@4著
701  0 @a杨明@4著
801  0 @aCN@b深圳图书馆@c20040425
801  2 @aCN@bNLC@c20040425
905    @dD771.22@e95@f1@b167838
    
    美国总统及其选举/杨百揆, 杨明著.-北京:中国社会科学出版社,1985
    165页;19cm
    
    
    ISBN :CNY0.84
    
●
相关链接 在E读中查询图书 在五车中查询图书 在当当中查询图书 在豆瓣中查询图书


正题名:美国总统及其选举     索取号:D771.22/95         预约/预借

序号 登录号 条形码 馆藏地/架位号 状态 备注
1 0167836   001013593   第一借阅区/ [索取号:D771.22/95] 在馆    
2 0167837   001013600   第一借阅区/ [索取号:D771.22/95] 在馆    
唐山师范学院图书馆 欢迎您!
大连网信软件有限公司© 版权所有